LEADER 00920nam0-22003251i-450- 001 990002588060403321 005 20100715130123.0 010 $a0-471-00928-8 035 $a000258806 035 $aFED01000258806 035 $a(Aleph)000258806FED01 035 $a000258806 100 $a20030910d1973----km-y0itay50------ba 101 0 $aeng 200 1 $a<>mathematics of matrices$ea first book of matrix theory and linear algebra$fby Philip J. Davis. 205 $a2nd ed. 210 $aNew York$cWiley$d1973 215 $a348 p.$d24 cm 610 0 $aMatrici 610 0 $aMetodi matematici per la statistica 676 $a512.9 700 1$aDavis,$bPhilip J.$f<1923- >$013883 801 0$aIT$bUNINA$gRICA$2UNIMARC 901 $aBK 912 $a990002588060403321 952 $aV-B-2$b4347$fMAS 952 $aV-B-8$b973$fMAS 959 $aMAS 996 $aMathematics of matrices$9435104 997 $aUNINA LEADER 01725nam 2200577 a 450 001 9910783165203321 005 20230421041938.0 010 $a1-134-85256-8 010 $a1-280-40813-8 010 $a0-203-12988-1 010 $a9786610408139 035 $a(CKB)1000000000008049 035 $a(OCoLC)70763635 035 $a(CaPaEBR)ebrary5001543 035 $a(SSID)ssj0000261170 035 $a(PQKBManifestationID)11208931 035 $a(PQKBTitleCode)TC0000261170 035 $a(PQKBWorkID)10256936 035 $a(PQKB)10782367 035 $a(MiAaPQ)EBC165661 035 $a(Au-PeEL)EBL165661 035 $a(CaPaEBR)ebr5001543 035 $a(CaONFJC)MIL40813 035 $a(OCoLC)475874167 035 $a(EXLCZ)991000000000008049 100 $a19940404d1994 uy 0 101 0 $aeng 135 $aurcn||||||||| 181 $ctxt 182 $cc 183 $acr 200 10$aTraining the counsellor$b[electronic resource] $ean integrative model /$fMary Connor 210 $aLondon ;$aNew York $cRoutledge$d1994 215 $a1 online resource (272 p.) 300 $aBibliographic Level Mode of Issuance: Monograph 311 $a0-415-10218-9 311 $a0-415-10219-7 320 $aIncludes bibligraphical references (p. [229]-237) and indexes. 606 $aCounseling$xStudy and teaching 606 $aCounselors$xTraining of 615 0$aCounseling$xStudy and teaching. 615 0$aCounselors$xTraining of. 676 $a158/.3/07 700 $aConnor$b Mary$f1942-$01496233 801 0$bMiAaPQ 801 1$bMiAaPQ 801 2$bMiAaPQ 906 $aBOOK 912 $a9910783165203321 996 $aTraining the counsellor$93720759 997 $aUNINA